000 00868cam a2200265 4500
005 20191224041537.0
008 701020s1969 onca b 001 0 eng
015 _aC70-1434
040 _aDLC
_cDLC
_dCO-BoIAVH
041 _aeng
043 _an-cn---
_an-us-ak
082 0 0 _a595.774
_bS74t
100 1 _aSpencer, Kenneth A.
_98571
245 1 4 _aThe Agromyzidae of Canada and Alaska
_c[by] Kenneth A. Spencer.
260 _aOttawa,
_bEntomological Society of Canada,
_c1969.
300 _a311 paginas.
_bilustraciones.
_c26 x 16 cm.
490 1 _aMemoirs of the Entomological Society of Canada, no. 64
504 _aBibliography: p. 302-307.
650 0 _aAgromyzidae
_zCanada.
_948021
650 0 _aAgromyzidae
_zAlaska.
_948022
650 0 _aDiptera
_96884
830 0 _vno. 64.
_948024
906 _a7
_bcbc
_corignew
_d4
_encip
_f19
_gy-gencatlg
942 _2ddc
_cLIBRO
999 _c646
_d646